Reliez la série TV à son personnage #3 Click - Statistiques

Statistiques générales
  • Ce quiz a été pris 40 fois
  • Le résultat moyen est 6 sur 29
Statistiques - réponses
Hint Réponse % Correct
Dexter Morgan Dexter : Les Origines
82%
Bruce Wayne Gotham
82%
Galadriel Le Seigneur des anneaux : Les Anneaux de pouvoir
57%
Sam Wilson Falcon et le Soldat de l'hiver
46%
Chloe Decker Lucifer
43%
Miss Marvel Marvel Zombies
39%
Nick Fury Secret Invasion
39%
Dean Winchester The Winchesters
39%
Maggie Greene The Walking Dead: Dead City
36%
John Murphy Les 100
32%
Annabeth Chase Percy Jackson et les Olympiens
25%
Captain Charles Vane Black Sails
18%
Saxa Ragnarök
14%
Jade Wesker Resident Evil
11%
Claire Redfield Resident Evil: Infinite Darkness
11%
Jadis The Walking Dead: The Ones Who Live
11%
Alpha Tales of the Walking Dead
7%
Rose Black Summer
4%
Cooper Howard Fallout
4%
Winston Scott Le Continental : D'après l'Univers de John Wick
4%
Ezekiel Mayans M.C.
4%
Baba Voss See
4%
Gus Sweet Tooth
4%
Rasmus Andersen The Rain
4%
Lt. Roberta Warren Z Nation
4%
Sir Landry du Lauz Knightfall
0%
Jose Svane Lutins
0%
Charlie Matheson Revolution
0%
Hope Bennett The Walking Dead: World Beyond
0%
Aucun quiz correspondant
Distribution des résultats
% des personnes avec chaque résultat
Percentile par nombre de réponses
Votre historique - résultats
Vous n’avez pas pris ce quiz